| 000 | 00512nam a2200205Ia 4500 | ||
|---|---|---|---|
| 003 | OSt | ||
| 005 | 20230426114852.0 | ||
| 008 | 210423s2012 xx 000 0 und d | ||
| 020 | _a9789350518199 | ||
| 040 | _cAL | ||
| 041 | _aeng | ||
| 082 |
_a658.1511 LALA _223 |
||
| 100 |
_aLAL (Jawahar). _993315 |
||
| 245 | _aAccounting for management. | ||
| 260 |
_aNew Delhi _bHimalaya Publishing House _c2012 |
||
| 300 |
_a889 _bPB |
||
| 365 |
_b450 _cINR |
||
| 906 | _aAccounting ; management. | ||
| 942 |
_2ddc _cBK |
||
| 999 |
_c161699 _d161699 |
||